000 00718nam a2200241Ia 4500
003 OSt
005 20220918105932.0
006 a|||||r|||| 00| 0
007 ta
008 220915b |||||||| |||| 00| 0 eng d
024 _a32810
037 _cReference Collections
040 _aARTS
_cARTS
_beng
041 _2eng
_aeng
082 _aO111,4L88x, L4.11 (RR)
100 _aBryon George Gordon
_94831
245 0 _aLetters and journals ed by Leslie A Marchand
260 _aLondon
_bJohn Murray
_c1981
490 _vV.11
650 _aENGLISH LITERATURE
942 _hO111,4L88x, L4.11 (RR)
_cREF
999 _c110293
_d110293